Princip opatrnosti a princip přiřazování výnosů a nákladů ze zahraničních časopisů

Aplikácia 4. direktívy ES a dokumentu Európskej federácie účtovných znalcov poukazuje na rozdiely v princípe opatrnosti a priraďovaní výnosov a nákladov. Princíp opatrnosti uplatňovaný v SRN. Veľká Británia využíva princíp priraďovania nákladov a výnosov. Rozdelenie zisku.

Salvato in:
Dettagli Bibliografici
Natura: Capitolo di libro
Lingua:ceco
Soggetti:
Tags: Aggiungi Tag
Nessun Tag, puoi essere il primo ad aggiungerne!!

MARC

LEADER 00000naa a2200000 4500
001 r019803
005 20230913080523.4
041 0 |a cze 
044 |a CZ 
245 1 0 |a Princip opatrnosti a princip přiřazování výnosů a nákladů ze zahraničních časopisů 
520 |a Aplikácia 4. direktívy ES a dokumentu Európskej federácie účtovných znalcov poukazuje na rozdiely v princípe opatrnosti a priraďovaní výnosov a nákladov. Princíp opatrnosti uplatňovaný v SRN. Veľká Británia využíva princíp priraďovania nákladov a výnosov. Rozdelenie zisku. 
610 2 0 |a účtovníctvo 
610 2 0 |a náklady 
610 2 0 |a výnosy 
610 2 0 |a Veľká Británia 
610 2 0 |a Nemecko 
610 2 0 |a vedenie účtovníctva 
610 2 0 |a dokumenty 
610 2 0 |a zisk